000 01580cam a22003494a 4500
999 _c60435
_d60435
001 14290403
005 20230717145618.0
008 060307s2007 nyua bf 001 0 eng
010 _a 2006923499
020 _a0387329307 (acidfree paper)
020 _a9780387887142X (electronic bk.)
020 _a0387329315 (electronic bk.)
040 _aDLC
_cDLC
_dDLC
050 0 0 _aRJ506.D47
_bH358 2007
080 _a159.922 H-22
245 0 0 _aHandbook of intellectual and developmental disabilities /
_cedited by John W. Jacobson, James A. Mulick, Johannes Rojahn.
260 _aNew York :
_bSpringer,
_cc2007.
300 _axx, 726 p. :
_bill. ;
_c26 cm.
490 0 _aIssues on clinical child psychology
504 _aIncludes bibliographical references and index.
650 0 _aDevelopmental disabilities
_vHandbooks, manuals, etc.
_919389
650 0 _aMental retardation
_vHandbooks, manuals, etc.
_919390
653 _aᲒონებრივი ჩამორჩენილობა
700 1 _aJacobson, John W. რედაქტორი
_919391
700 1 _aMulick, James A. რედაქტორი
_q(James Anton),
_d1948-
_919392
700 1 _aRojahn, Johannes. რედაქტორი
_919393
856 4 1 _3Table of contents only
_uhttp://www.loc.gov/catdir/toc/fy0707/2006923499.html
856 4 2 _3Publisher description
_uhttp://www.loc.gov/catdir/enhancements/fy0814/2006923499-d.html
906 _a7
_bcbc
_corignew
_d2
_eepcn
_f20
_gy-gencatlg
942 _2udc
_cBK
955 _apc17 2006-03-07
_ajb00 2007-02-02
_ijc02 2007-03-02
_aaa32 2007-04-04